000 00332pab a2200145 454500
008 180718b1998 xxu||||| |||| 00| 0 eng d
100 _aIlaiah, Kancha
245 _aEducation and the dignity of labour
260 _c1998
300 _ap.6-7
362 _a7 Nov
650 _aEducation
773 _aYoung Indian
909 _a39269
999 _c39269
_d39269